001740000a2200061000450024500240000030000420002477300460006610aSpiritual formation aVol. 18, Num. 1 (2000), Páginas 1-20 tScottish Bulletin of Evangelical Theology